Những chân dung phác thảo
Gorde:
| Egile nagusia: | |
|---|---|
| Formatua: | Liburua |
| Hizkuntza: | Undetermined |
| Argitaratua: |
Hà Nội
Lao Động
2001
|
| Gaiak: | |
| Etiketak: |
Etiketa erantsi
Etiketarik gabe, Izan zaitez lehena erregistro honi etiketa jartzen!
|
| Thư viện lưu trữ: | Trung tâm Học liệu Trường Đại học Cần Thơ |
|---|
| LEADER | 00557nam a2200181Ia 4500 | ||
|---|---|---|---|
| 001 | CTU_41886 | ||
| 008 | 210402s9999 xx 000 0 und d | ||
| 082 | |a 895.9228 | ||
| 082 | |b D513 | ||
| 100 | |a Nguyễn, Thị Mỹ Dung | ||
| 245 | 0 | |a Những chân dung phác thảo | |
| 245 | 0 | |c Nguyễn Thị Mỹ Dung | |
| 260 | |a Hà Nội | ||
| 260 | |b Lao Động | ||
| 260 | |c 2001 | ||
| 650 | |a Văn học Việt Nam,Vietnamese literature | ||
| 650 | |y Thế kỷ 20,20th century | ||
| 980 | |a Trung tâm Học liệu Trường Đại học Cần Thơ | ||